000
00340pab a2200145 454500
008
180718b2000 xxu||||| |||| 00| 0 eng d
100
_a
Mckenzie, Ian
245
_a
Policing after Macpherson
260
_c
2000
300
_a
p.323-40
650
_a
Police - Great Britain
650
_a
Police
773
_a
Police Journal
909
_a
47499
999
_c
47499
_d
47499